The measurement of productivity

Guardat en:
Dades bibliogràfiques
Autor principal: Tsujimura, Kotaro
Format: Llibre
Idioma:Undetermined
Publicat: Tokyo APO 1963
Matèries:
Etiquetes: Afegir etiqueta
Sense etiquetes, Sigues el primer a etiquetar aquest registre!
Thư viện lưu trữ: Trung tâm Học liệu Trường Đại học Cần Thơ
LEADER 00463nam a2200181Ia 4500
001 CTU_94228
008 210402s9999 xx 000 0 und d
082 |a 331.1 
082 |b T882 
100 |a Tsujimura, Kotaro 
245 4 |a The measurement of productivity 
245 0 |c Kotaro Tsujimura 
260 |a Tokyo 
260 |b APO 
260 |c 1963 
650 |a Labor productivity 
904 |i M.Loan 
980 |a Trung tâm Học liệu Trường Đại học Cần Thơ